Case study research (Record no. 51536)
[ view plain ]
| 000 -LEADER | |
|---|---|
| fixed length control field | 02583cam a2200313 a 4500 |
| 001 - CONTROL NUMBER | |
| control field | 000353018 |
| 003 - CONTROL NUMBER IDENTIFIER | |
| control field | OCoLC |
| 005 - DATE AND TIME OF LATEST TRANSACTION | |
| control field | 20250214150506.0 |
| 008 - FIXED-LENGTH DATA ELEMENTS--GENERAL INFORMATION | |
| fixed length control field | 100809s2010 enka b 001 0 eng d |
| 020 ## - INTERNATIONAL STANDARD BOOK NUMBER | |
| International Standard Book Number | 9781849509220 (cl.) : |
| Terms of availability | NT3067 |
| 020 ## - INTERNATIONAL STANDARD BOOK NUMBER | |
| International Standard Book Number | 1849509220 (cl.) |
| 035 ## - SYSTEM CONTROL NUMBER | |
| System control number | (OCoLC)654135355 |
| 040 ## - CATALOGING SOURCE | |
| Original cataloging agency | N$T |
| Language of cataloging | eng |
| Transcribing agency | N$T |
| Modifying agency | YDXCP |
| -- | COF |
| -- | OCLCQ |
| -- | E7B |
| -- | OCLCQ |
| -- | DEBSZ |
| -- | OCLCQ |
| -- | A7U |
| -- | KSU |
| -- | UtOrBLW |
| 042 ## - AUTHENTICATION CODE | |
| Authentication code | nbic |
| 100 1# - MAIN ENTRY--PERSONAL NAME | |
| Personal name | Woodside, Arch G. |
| 245 10 - TITLE STATEMENT | |
| Title | Case study research |
| Medium | [electronic resource] : |
| Remainder of title | theory, methods, practice / |
| Statement of responsibility, etc | by Arch G. Woodside. |
| 250 ## - EDITION STATEMENT | |
| Edition statement | 1st ed. |
| 260 ## - PUBLICATION, DISTRIBUTION, ETC. (IMPRINT) | |
| Place of publication, distribution, etc | Bingley : |
| Name of publisher, distributor, etc | Emerald Group Pub., |
| Date of publication, distribution, etc | c2010. |
| 300 ## - PHYSICAL DESCRIPTION | |
| Extent | xii, 455 p. : |
| Other physical details | ill. ; |
| Dimensions | 25 cm. |
| 336 ## - CONTENT TYPE | |
| Content Type Term | text |
| 337 ## - MEDIA TYPE | |
| Media Type Term | computer |
| 338 ## - CARRIER TYPE | |
| Carrier Type Term | online resource |
| 504 ## - BIBLIOGRAPHY, ETC. NOTE | |
| Bibliography, etc | Includes bibliographical references (p. [409]-433) and index. |
| 505 ## - FORMATTED CONTENTS NOTE | |
| Formatted contents note | Preface ix <br/>Acknowledgments xiii <br/>1 Building Theory from Case Study Research<br/>1 (16)<br/>2 Bridging the Chasm between Survey and Case Study Research<br/>17 (24)<br/>3 Storytelling Theory and Research<br/>41 (44)<br/>4 Creating Visual Narrative Art for Decoding Stories<br/>85 (22)<br/>5 Subjective and Confirmatory Personal Introspection<br/>107 (22)<br/>6 Overcoming the Illusion of Conscious Will and Self-Fabrication<br/>129 (14)<br/>7 Using the Forced Metaphor-Elicitation Technique (FMET) in Subjective Personal Introspections about Self<br/>143 (14)<br/>8 Surfacing Executives Interpretations of Self and the Roles of Co-Workers in Enacting Front and Back Stage Strategies<br/>157 (32)<br/>9 Personal Exchanges, Social Behavior, Conversation Analysis, and Face-to-Face Talk<br/>189 (18)<br/>10 Constructing Thick Descriptions of Marketers' and Buyers' Decision Processes in Business-to-Business Exchange Relationships<br/>207 (18)<br/>11 Case Study Research on Means-End Laddering Chains<br/>225 (16)<br/>12 Building in Degrees of Freedom Analysis in Case Study Research: Empirical Positivistic Testing of Data to Alternative Theories<br/>241 (22)<br/>13 Applying the Long Interview in Case Study Research<br/>263 (28)<br/>14 Tipping-Point Modeling in Case Study Research<br/>291 (30)<br/>15 Participant Observation Research in Organizational Behavior<br/>321 (22)<br/>16 Systems Thinking and System Dynamics Modeling<br/>343 (16)<br/>17 Fuzzy Set Social Science and Qualitative Comparative Analysis<br/>359 (38)<br/>18 Conclusions: Principles for Doing Case Study Research<br/>397 (12)<br/>References 409 (26)<br/>Subject Index 435 |
| 650 #0 - SUBJECT ADDED ENTRY--TOPICAL TERM | |
| Topical term or geographic name as entry element | Research |
| General subdivision | Methodology. |
| 655 ## - INDEX TERM--GENRE/FORM | |
| Genre/form data or focus term | Electronic books |
| 856 ## - ELECTRONIC LOCATION AND ACCESS | |
| Uniform Resource Identifier | <a href="https://drive.google.com/file/d/1QDLwYBaXAgc7h6tSS5SPd_ca7kN708o_/view?usp=sharing">https://drive.google.com/file/d/1QDLwYBaXAgc7h6tSS5SPd_ca7kN708o_/view?usp=sharing</a> |
| 942 ## - ADDED ENTRY ELEMENTS (KOHA) | |
| Source of classification or shelving scheme | Library of Congress Classification |
| Item type | eBooks |
| Withdrawn status | Lost status | Source of classification or shelving scheme | Damaged status | Not for loan | Home library | Current library | Date acquired | Inventory number | Total Checkouts | Date last seen | Price effective from | Koha item type |
|---|---|---|---|---|---|---|---|---|---|---|---|---|
| Library of Congress Classification | BSOP Library | Digital Library | 05/09/2024 | eB-00640 | 05/09/2024 | 05/09/2024 | eBooks |
